| 000 | 01015nas a2200277 4500 | ||
|---|---|---|---|
| 001 | BR9202973 | ||
| 003 | BR-BrBNA | ||
| 005 | 20231205092600.0 | ||
| 007 | ta | ||
| 008 | 230509b bl.|||p| |||| 00| 00por d | ||
| 040 |
_aBR-BrBNA _bpor _cBiblioteca Nacional de Agricultura |
||
| 041 | _a(Pt) | ||
| 072 | _aH10 | ||
| 100 | 1 | _aSouza, B. | |
| 100 | 1 | _aMatioli, J.C. | |
| 100 | 1 | _aCiociola, A.I. | |
| 245 | 1 | _aBiologia comparada de Nusalala uruguaya (Navas, 1923)(Neuroptera: Hemerobiidae)alimentada com diferentes especies de afideos. 1: fase de larva | |
| 246 | 1 | _aComparative biology of Nusalala uruguaya (Navas, 1923)(Neuroptera; Hemerobiidae)fed with different aphid species. 1: larval stage | |
| 650 | _aARTROPODA | ||
| 650 | _aAFIDIO | ||
| 650 | _aCONTROLE BIOLOGICO | ||
| 650 | _aPREDADOR | ||
| 773 | 0 |
_tAnais da Escola Superior de Agricultura Luiz de Queiroz (Brazil) _xISSN 0071-1276 _g(1990), v. 47(2) p. 283-300 _wBR9202973 |
|
| 909 |
_a202311 _bLúcia _c55 _dLúcia Elande |
||
| 942 |
_2AGRIS _n0 _cANA |
||
| 999 |
_c132653 _d132653 |
||